000 00227nam a2200121Ia 4500
100 _aMARSDEN
942 _cBK
245 _aHOW TO INCREASE PRODUCTIVITY
260 _b#N/A
300 _a193
546 _aENGLISH
999 _c34974
_d34974